El ingenioso hidalgo Don Quijote de la Mancha principales y más entretenidas aventuras (Registro nro. 49298)
[ vista simple ]
| 000 -ENCABEZADO | |
|---|---|
| Número de control [NR] | 00908nam a2200241Ia 4500 |
| 008 - DE LONGITUD FIJA DE DATOS DE ELEMENTOS - INFORMACIÓN GENERAL | |
| Elementos de longitud fija [NR] | 130821s1965 ag gr spa |
| 040 ## - FUENTE DE CATALOGACION [NR] | |
| Agencia de catalogación original [NR] | Co-BoUCM |
| Idioma de catalogación [NR] | spa |
| 041 00 - CODIGO DE IDIOMA [R] | |
| Código de idioma para texto/pista de sonido o título separado [R] | Español |
| 100 1# - ASIENTO PRINCIPAL--NOMBRE PERSONAL [NR] | |
| Nombre personal [NR] | Cervante Saavedra , Miguel De |
| Fechas asociadas con el nombre [NR] | 1547-1616 |
| ID Autoridad | 162675 |
| 245 13 - MENCION DE TITULO [NR] | |
| Título [NR] | El ingenioso hidalgo Don Quijote de la Mancha principales y más entretenidas aventuras |
| Mención de responsabilidad, etc. [NR] | Miguel de Cervantes Saavedra |
| 250 ## - MENCION DE EDICION [NR] | |
| Mención de edición [NR] | 6a. ed. |
| 260 ## - PUBLICACION, DISTRIBUCION, ETC. (PIE DE IMPRENTA) [R] | |
| Lugar de publicación, distribución, etc. [R] | Buenos Aires (Argentina) |
| Nombre del editor, distribuidor, etc. [R] | Editorial Kapelusz |
| Fecha de publicación, distribución, etc. [R] | 1965 |
| 300 ## - DESCRIPCION FISICA [R] | |
| Extensión [R] | 312 páginas |
| 490 ## - MENCION DE SERIE [R] | |
| Mención de serie [R] | Grandes Obras de la Literatura Universal |
| 650 04 - ASIENTO SECUNDARIO DE MATERIA - TERMINO TEMATICO [R] | |
| Término temático o nombre geográfico como elemento de entrada [NR] | Caballeros y caballería |
| Subdivisión de forma [R] | Novela |
| 9 (RLIN) | 7349 |
| 650 04 - ASIENTO SECUNDARIO DE MATERIA - TERMINO TEMATICO [R] | |
| Término temático o nombre geográfico como elemento de entrada [NR] | Literatura española |
| 9 (RLIN) | 7793 |
| 650 04 - ASIENTO SECUNDARIO DE MATERIA - TERMINO TEMATICO [R] | |
| Término temático o nombre geográfico como elemento de entrada [NR] | Literatura europea |
| 9 (RLIN) | 26524 |
| 650 04 - ASIENTO SECUNDARIO DE MATERIA - TERMINO TEMATICO [R] | |
| Término temático o nombre geográfico como elemento de entrada [NR] | Novela española |
| 9 (RLIN) | 20500 |
| 650 04 - ASIENTO SECUNDARIO DE MATERIA - TERMINO TEMATICO [R] | |
| Término temático o nombre geográfico como elemento de entrada [NR] | Novela fantástica |
| 9 (RLIN) | 20502 |
| 700 ## - ASIENTO SECUNDARIO - NOMBRE PERSONAL [R] | |
| Nombre personal [NR] | Lacau, María Hortensia |
| Término de relación [R] | |
| 9 (RLIN) | 125150 |
| 942 ## - ELEMENTOS DE ENTRADA AGREGADOS (KOHA) | |
| Tipo de ítem principal el descrito en 300a | Libro |
| Tema principal | Literatura |
| Edición | 6 |
| Parte restante de la signatura top. | C419i |
| Sistema de clasificación | DEWEY |
| Clasificación | 863.3 |
| Fecha de último préstamo | Total préstamos | Signatura topográfica | Código de barras | Última vez visto | Volúmen / Fascículo | Ejemplar | Price effective from | Tipo de ítem | Perdido | Sistema de clasificación | Dañado | No prestable | Tipo de ítem específico | Suprimido | Ubicación habitual | Ubicación actual | Localización | Fecha de creación | Forma de adquisición | Costo |
|---|---|---|---|---|---|---|---|---|---|---|---|---|---|---|---|---|---|---|---|---|
| 08/08/2016 | 1 | 863.3 C419i | 100078079 | 09/12/2025 | 6a. Ed. | Ej.1 | 03/02/2013 | Libro | DEWEY | Libro | Claustro | Claustro | 2do piso | 28/02/2006 | Donación | 26000.00 |